<?xml version="1.0" encoding="UTF-8"?>
<record
    xmlns:xsi="http://www.w3.org/2001/XMLSchema-instance"
    xsi:schemaLocation="http://www.loc.gov/MARC21/slim http://www.loc.gov/standards/marcxml/schema/MARC21slim.xsd"
    xmlns="http://www.loc.gov/MARC21/slim">

  <leader>01363nam a22001337a 4500</leader>
  <datafield tag="999" ind1=" " ind2=" ">
    <subfield code="c">65460</subfield>
    <subfield code="d">65457</subfield>
  </datafield>
  <datafield tag="100" ind1=" " ind2=" ">
    <subfield code="a">Roheen Qamar</subfield>
    <subfield code="a">17MSCS18</subfield>
    <subfield code="a">Supervisor Dr. Fareed Ahmed Jokhio</subfield>
  </datafield>
  <datafield tag="245" ind1=" " ind2=" ">
    <subfield code="a">Classification of ddos attack using artificial neural network</subfield>
  </datafield>
  <datafield tag="260" ind1=" " ind2=" ">
    <subfield code="a">Nawabshah:</subfield>
    <subfield code="b">QUEST,</subfield>
    <subfield code="c">2019.</subfield>
  </datafield>
  <datafield tag="300" ind1=" " ind2=" ">
    <subfield code="a">49p</subfield>
  </datafield>
  <datafield tag="500" ind1=" " ind2=" ">
    <subfield code="a">ABSTRACT


Distributed Denial of Service (DDoS) attack is one of the well-known threats to any computer or Internet Service. DDoS attack is an attempt to make a network resource or internet unavailable to its intended users. Internet is running on a large numbers servers kept in data centers. When a server or its network is overloaded with users request then the server or networks stop functioning properly and deny service to the genuine requests. As the internet growing we face large amount of cyber-attack. This research  work presents the DDoS attack through various angles including we first recognize different kinds of DDoS attacks and then propose a new methodology to develop a Model for detecting the DDoS attacks using Neural Networks. We used three ANN networks and compare them to detect the DDoS attack.
Keywords: DDoS Attack, Feed forward Neural Network, Case Case Forward Neural Network, Fitting Neural Network,  KDD Cup dataset.
</subfield>
  </datafield>
  <datafield tag="700" ind1=" " ind2=" ">
    <subfield code="a">Department of Information Technology</subfield>
  </datafield>
  <datafield tag="856" ind1=" " ind2=" ">
    <subfield code="u">https://tinyurl.com/mr2wpepb</subfield>
  </datafield>
  <datafield tag="942" ind1=" " ind2=" ">
    <subfield code="c">THESIS</subfield>
  </datafield>
  <datafield tag="952" ind1=" " ind2=" ">
    <subfield code="0">0</subfield>
    <subfield code="1">0</subfield>
    <subfield code="4">0</subfield>
    <subfield code="7">0</subfield>
    <subfield code="a">RESEARCH</subfield>
    <subfield code="b">RESEARCH</subfield>
    <subfield code="d">2019-09-27</subfield>
    <subfield code="l">0</subfield>
    <subfield code="p">MP/46-526</subfield>
    <subfield code="r">2019-09-27 00:00:00</subfield>
    <subfield code="y">THESIS</subfield>
  </datafield>
  <datafield tag="952" ind1=" " ind2=" ">
    <subfield code="0">0</subfield>
    <subfield code="1">0</subfield>
    <subfield code="4">0</subfield>
    <subfield code="7">0</subfield>
    <subfield code="a">RESEARCH</subfield>
    <subfield code="b">RESEARCH</subfield>
    <subfield code="d">2023-12-18</subfield>
    <subfield code="l">0</subfield>
    <subfield code="p">MP/55-697</subfield>
    <subfield code="r">2023-12-18 00:00:00</subfield>
    <subfield code="w">2023-12-18</subfield>
    <subfield code="y">THESIS</subfield>
  </datafield>
</record>
